| 000 | 00441nam a22001817a 4500 | ||
|---|---|---|---|
| 003 | MPLRDC | ||
| 005 | 20220104143100.0 | ||
| 008 | 210129b ||||| |||| 00| 0 eng d | ||
| 020 | _a7-80565-014-4 | ||
| 082 | _a414.34 WJJ | ||
| 100 | _a王鉴钧等编 | ||
| 245 |
_a药用花卉 _c |
||
| 250 | _a一版一刷 | ||
| 260 |
_a _b广西科学技术出版社 _c1988 |
||
| 300 | _b平 | ||
| 650 | _a中药材--花 | ||
| 942 |
_cBK _o414.34 WJJ |
||
| 999 |
_c36450 _d36440 |
||